[Event "Ostravsky Konik A"]
[Site "Ostrava CZE"]
[Date "2012.04.30"]
[Round "3.28"]
[White "Didi,J"]
[Black "Morozova,Ulia"]
[Result "1-0"]
[WhiteElo "2019"]
[BlackElo "1875"]

1.e4 d6 2.d4 Nf6 3.Nc3 e5 4.Nf3 Nbd7 5.Bc4 Be7 6.a4 O-O 7.O-O c6 8.h3 b6
9.Qe2 Bb7 10.dxe5 dxe5 11.Bg5 a6 12.Rad1 Qc7 13.Nh4 g6 14.f4 b5 15.Ba2 b4
16.f5 Kg7 17.Nb1 h6 18.Bc1 Nc5 19.Nd2 Nxa4 20.Kh1 a5 21.Bc4 Nb6 22.Qe3 Nh5
23.Qf2 Nxc4 24.Nxc4 Ba6 25.Ne3 Bxf1 26.Rxf1 Nf6 27.fxg6 fxg6 28.Qg3 g5 29.Nef5+ Kf7
30.Qb3+ Ke8 31.Rd1 Rf7 32.Nxh6 Rh7 33.N4f5 Rd8 34.Rf1 c5 35.Bxg5 Kd7 36.Nxe7 Rxe7
37.Bxf6 Re6 38.Bxd8 Qxd8 39.Rd1+  1-0

[Event "69th ch-GEO w"]
[Site "Anaklia GEO"]
[Date "2012.05.01"]
[Round "4.1"]
[White "Paikidze,N"]
[Black "Khukhashvili,S"]
[Result "1-0"]
[WhiteElo "2406"]
[BlackElo "2408"]

1.e4 d6 2.d4 Nf6 3.Nc3 e5 4.Nf3 Nbd7 5.Bc4 Be7 6.O-O O-O 7.Re1 c6 8.a4 h6
9.a5 Qc7 10.h3 Re8 11.Be3 Nf8 12.d5 Ng6 13.Bb3 c5 14.a6 b6 15.Nd2 Bd7 16.Bc4 Nh7
17.Nf1 Qc8 18.Ng3 Nh4 19.Bb5 Rb8 20.Bxd7 Qxd7 21.Qg4 Red8 22.Qxd7 Rxd7 23.Nb5 Bg5
24.Nf1 f5 25.f3 f4 26.Bf2 Be7 27.Nd2 g5 28.Bxh4 gxh4 29.Nc4 Nf6 30.c3 Ne8
31.b4 Ra8 32.bxc5 bxc5 33.Reb1 Kf8 34.Rb3 Bd8 35.Nba3 Ke7 36.Nb1 Bc7 37.Nbd2 Kd8
38.Rb7 Kc8 39.Nb3 Rb8 40.Nba5 Bxa5 41.Rxb8+ Kxb8 42.Nxa5 Nc7 43.Nc6+ Ka8
44.Kf1 Rg7 45.Ra2 h5 46.Ke1 Rd7 47.Kd2 Rg7 48.Kd3 Rg8 49.Kc4 Re8 50.Ra1 Rg8
51.Ra2 Re8 52.Kd3 Rg8 53.Ne7 Rb8 54.Nf5 Ne8 55.Nxh4 Rb1 56.Nf5 Kb8 57.Kc2 Rb6
58.Ne7 Nc7 59.Nc6+ Ka8 60.Nd8 Kb8 61.Kd3 Kc8 62.Nc6 Nxa6 63.Nxa7+ Kd7 64.Nc6 Nc7
65.Kc2 Rb7 66.h4 Rb6 67.Ra1 Kc8 68.Ra7 Nb5 69.Ra8+ Kd7 70.Kd3 Kc7 71.Ra1 Rb7
72.Kc4 Kd7 73.Ra8 Rb6 74.Kd3 Kc7 75.Ra1 Rb7 76.Rb1 Na3 77.Rxb7+ Kxb7 78.c4 Kc7
79.Ne7 Kd8 80.Nf5 Kd7 81.g3 fxg3 82.Nxg3  1-0

[Event "ch-LAT 2012"]
[Site "Riga LAT"]
[Date "2012.05.01"]
[Round "5"]
[White "Bernotas,A"]
[Black "Kalnins,K"]
[Result "1-0"]
[WhiteElo "2196"]
[BlackElo "2290"]

1.e4 d6 2.d4 Nf6 3.Nc3 c6 4.g3 Nbd7 5.Bg2 e5 6.Nge2 g6 7.a4 Bg7 8.O-O O-O
9.a5 Re8 10.h3 exd4 11.Nxd4 Nc5 12.Re1 d5 13.exd5 Rxe1+ 14.Qxe1 Nxd5 15.Nxd5 cxd5
16.Be3 Ne4 17.Qb4 Qc7 18.Qb3 Be6 19.Nxe6 fxe6 20.Bxe4 dxe4 21.Qxe6+ Qf7 22.Qxe4 Re8
23.Qb4 Qd7 24.Bxa7 h6 25.h4 Kh7 26.Be3 Qc7 27.Qb6 Qd7 28.a6 bxa6 29.Rxa6 Qd1+
30.Kh2 Qxc2 31.Ra7 Rxe3 32.Qxe3 Qxb2 33.h5 Qf6 34.hxg6+ Qxg6 35.Re7 Qf6 36.Qe4+ Kg8
37.Qe6+  1-0

[Event "FSGM May 2012"]
[Site "Budapest HUN"]
[Date "2012.05.05"]
[Round "1"]
[White "Simonian,H"]
[Black "Czebe,A"]
[Result "1/2-1/2"]
[WhiteElo "2475"]
[BlackElo "2475"]

1.e4 d6 2.d4 Nf6 3.Nc3 e5 4.Nf3 Nbd7 5.Bc4 Be7 6.dxe5 Nxe5 7.Nxe5 dxe5 8.Qxd8+ Bxd8
9.f3 c6 10.a4 Ba5 11.Ke2 Ke7 12.Be3 Bb6 13.a5 Bxe3 14.Kxe3 Rd8 15.Na4 Rb8
16.b4 Ne8 17.Nc5 Nd6 18.Bd3 b6 19.axb6 axb6 20.Ra7+ Kf8 21.Nb3 Be6 22.Rha1 Rdc8
23.Ba6  1/2-1/2

[Event "Vienna Ladies 2012"]
[Site "Vienna AUT"]
[Date "2012.05.05"]
[Round "1.4"]
[White "Kochetkova,J"]
[Black "Moser,E"]
[Result "0-1"]
[WhiteElo "2282"]
[BlackElo "2469"]

1.e4 d6 2.d4 Nf6 3.Nc3 Nbd7 4.f4 e5 5.Nf3 exd4 6.Qxd4 c6 7.Be3 d5 8.e5 Ng4
9.Bg1 Bc5 10.Qd2 Bxg1 11.Rxg1 Qb6 12.O-O-O Nc5 13.Nd4 Ne6 14.h3 Nxd4 15.Qxd4 Ne3
16.Qxb6 axb6 17.Rd3 Nxf1 18.Rxf1 Bf5 19.Rd2 h5 20.b3 b5 21.Kb2 h4 22.Ne2 Ke7
23.Nd4 Be4 24.Nf3 Ra6 25.Ng5 Bf5 26.a3 f6 27.Nf3 Be4 28.Re2 Rha8 29.exf6+ gxf6
30.Nxh4 Rxa3 31.Nf5+ Kf7 32.Ng3 Ra2+ 33.Kc1 Bd3 34.Rfe1 Bxe2 35.Rxe2 Re8
36.Rxe8 Kxe8 37.Kb1 Ra8 38.Nf5 Kf8 39.g4 Re8 40.Nd6 Re3 41.Nxb7 Rxh3 42.Nd8 Rc3
43.Ne6+ Kf7 44.Nd4 b4 45.f5 Ke7  0-1

[Event "TCh-HUN 2011-12"]
[Site "Budapest HUN"]
[Date "2012.05.06"]
[Round "10"]
[White "Hoang Thanh Trang"]
[Black "Horvath,Jo2"]
[Result "1/2-1/2"]
[WhiteElo "2446"]
[BlackElo "1985"]

1.d4 d6 2.e4 Nf6 3.Nc3 e5 4.Nf3 Nbd7 5.Bc4 Be7 6.O-O O-O 7.Re1 c6 8.a4 exd4
9.Nxd4 Ne5 10.Bf1 Re8 11.h3 a5 12.b3 Bf8 13.Ba3 Qb6 14.Kh1 Bd7 15.Qd2 Rad8
16.Rad1 Bc8 17.Qe3 Ned7 18.Nf5 Qxe3 19.Nxe3 Nb6 20.Nc4 Nxc4 21.Bxc4 d5 22.Bxf8 dxc4
23.Bc5 cxb3 24.cxb3 Be6 25.e5 Rxd1 26.Rxd1 Nd5 27.Nxd5 Bxd5 28.f4 g5 29.Rd4 f6
30.exf6 Re1+ 31.Kh2 Re2 32.Kg1 Rxg2+ 33.Kf1 Rg3 34.b4 Rf3+ 35.Ke2 Rxf4 36.Rxf4 gxf4
37.bxa5 Kf7 38.Bd4 Ke6 39.Kd3 h5 40.Bc3 c5 41.Bb2 Bg2 42.Ba3 Bxh3 43.Bxc5 Kxf6
44.Ke4 Kg5 45.Kf3 Bd7 46.a6 bxa6 47.a5 Bc6+ 48.Kf2 Kg4 49.Bb6 Bd5 50.Bc5 Be4
51.Bb6 Ba8 52.Bc5 Bb7 53.Bb6 h4 54.Bc5 h3 55.Kg1 Kg3 56.Bf2+ Kf3 57.Bb6 Ke2
58.Ba7 Bc6 59.Bb6 Be4 60.Ba7 Bd5 61.Bb6 Kd3 62.Bc7 Ke4 63.Bb6 Bc6 64.Bc7 Ba8
65.Bb6 Bb7 66.Bc7 Bc8 67.Bb6 Bg4 68.Bc7 Bf5 69.Bb6 Kf3 70.Bc5 Be6 71.Bb6 Ke2
72.Bc5 Kd3 73.Bd6 Ke4 74.Bc7 Bd7 75.Bb6 Kd5 76.Bc7 f3 77.Bb6 Kc4 78.Kh2 Kb5
79.Kg3 Bg4 80.Bc7 Kb4 81.Bb6 Kb5 82.Bc7 Kc6 83.Bb6 Kd5 84.Bc7 Ke4 85.Kf2 Bd7
86.Bb8 Bc8 87.Bc7 Be6 88.Bb8 Bd5 89.Bc7 Kd3 90.Kg1 Kc4 91.Bb6 Kb4 92.Kh2 Be6
93.Kg3 Bg4 94.Bc7 Kb5 95.Bb6 Kc4 96.Bc7 Kd3 97.Kf2 Ke4 98.Bb8 Bd7 99.Bc7 Bc6
100.Kg1 Ke3 101.Bb6+ Ke2 102.Ba7 Bd7 103.Bb6 h2+ 104.Kxh2 f2 105.Bxf2 Kxf2
106.Kh1 Bb5 107.Kh2 Bf1 108.Kh1 Bg2+ 109.Kh2 Kf1 110.Kg3 Kg1 111.Kf4 Kf2
112.Kg4 Be4 113.Kh3 Ke3 114.Kg3 Bf3 115.Kh2 Bc6 116.Kg1 Ke2 117.Kh2 Kf2 118.Kh3 Bd7+
119.Kh2 Bf5 120.Kh1 Bg6 121.Kh2 Ke3 122.Kg1 Ke2 123.Kg2 Be4+ 124.Kg1 Ke1
125.Kh2 Kd2 126.Kg3 Kc3 127.Kf4 Kd3 128.Kg3 Ke3 129.Kh2 Ke2 130.Kg1 Bc6 131.Kh2 Bb7
132.Kg1 Ke1 133.Kh2 Kf2 134.Kh3 Bc8+ 135.Kh2 Bf5 136.Kh1 Be4+ 137.Kh2 Bh7
138.Kh1 Ke3 139.Kg1 Kd4 140.Kf2 Kc5 141.Ke3 Kb4 142.Kd2 Kxa5 143.Kc3  1/2-1/2

[Event "4NCL 2011-12"]
[Site "Hinkley ENG"]
[Date "2012.05.06"]
[Round "10.141"]
[White "Buchicchio,Giam"]
[Black "Williams,Si1"]
[Result "0-1"]
[WhiteElo "2300"]
[BlackElo "2513"]

1.e4 d6 2.d4 Nf6 3.Nc3 Nbd7 4.Nf3 e5 5.Bc4 Be7 6.O-O c6 7.a4 Qc7 8.h3 h6
9.Bb3 Nf8 10.Qd3 Ng6 11.Qc4 O-O 12.Nd5 Qd8 13.Nxe7+ Qxe7 14.Re1 Nxe4 15.dxe5 d5
16.Qd4 Bf5 17.g4 Be6 18.c4 Nc5 19.Ra3 Nxb3 20.Rxb3 dxc4 21.Rc3 Rfd8 22.Qe3 c5
23.Nd2 Rd4 24.Nf3 Rad8 25.Qe2 Rd3 26.Kh2 Qc7 27.Ng1 f5 28.f4 Qe7 29.gxf5 Bxf5
30.Rxc4 Qh4 31.Be3 Nxe5 32.Bf2 Rxh3+ 33.Nxh3 Qxh3+ 34.Kg1 Nf3+  0-1

[Event "4NCL 2011-12"]
[Site "Hinkley ENG"]
[Date "2012.05.06"]
[Round "10.187"]
[White "Wall,G"]
[Black "Curtis,J ENG"]
[Result "1-0"]
[WhiteElo "2330"]
[BlackElo "2116"]

1.e4 d6 2.d4 Nf6 3.Nc3 e5 4.Nge2 Be7 5.g3 c6 6.Bg2 O-O 7.O-O b5 8.b3 Nbd7
9.h3 Bb7 10.Bb2 b4 11.Na4 c5 12.d5 Ne8 13.a3 a5 14.c3 bxc3 15.Nexc3 Ba6 16.Re1 Rb8
17.Bf1 Bxf1 18.Rxf1 Qc8 19.Bc1 Nc7 20.Rb1 Qa6 21.Be3 Rb7 22.Nb2 Rfb8 23.Nc4 Nb6
24.Nd2 Qd3 25.Qc1 Nb5 26.Nxb5 Qxb5 27.Qc3 h6 28.h4 Qa6 29.Rfc1 a4 30.b4 cxb4
31.axb4 Qb5 32.Qc6 Nc8 33.Rc4 Bd8 34.Ra1 Bc7 35.Rxa4 Qxc6 36.dxc6 Rb5 37.Nb1 Nb6
38.Bxb6 R5xb6 39.Nc3 Rc8 40.Nd5  1-0

[Event "4NCL 2011-12"]
[Site "Hinkley ENG"]
[Date "2012.05.06"]
[Round "10.146"]
[White "Naylor,J"]
[Black "Chapman,T"]
[Result "0-1"]
[WhiteElo "2174"]
[BlackElo "2253"]

1.e4 d6 2.d4 Nf6 3.Nc3 c6 4.f4 Qa5 5.Bd3 e5 6.dxe5 dxe5 7.f5 b5 8.Nf3 Nbd7
9.O-O Be7 10.h3 Bb7 11.Kh2 h5 12.Qe1 Qc7 13.Bg5 a6 14.a4 Rd8 15.axb5 cxb5
16.Kh1 b4 17.Nd1 Nc5 18.Bxf6 gxf6 19.Nf2 Nxd3 20.cxd3 Bc5 21.Qe2 Qb6 22.Nd1 Qb5
23.Ne1 Ke7 24.Rf3 a5 25.Qc2 b3 26.Qc1 Bb4 27.Ne3 Rc8 28.Qd1 a4 29.Nc4 Bxe4
30.Re3 Bxf5 31.Nf3 Be6  0-1

[Event "4NCL 2011-12"]
[Site "Hinkley ENG"]
[Date "2012.05.07"]
[Round "9.13"]
[White "Richardson,Joh"]
[Black "Sarakauskas,G"]
[Result "0-1"]
[WhiteElo "2331"]
[BlackElo "2403"]

1.d4 d6 2.e4 Nf6 3.Nc3 e5 4.dxe5 dxe5 5.Bg5 Qxd1+ 6.Rxd1 Bb4 7.Ne2 Nbd7 8.f3 c6
9.a3 Be7 10.Ng3 Nb6 11.Be2 Be6 12.Nf5 Bxf5 13.Bxf6 Bxf6 14.exf5 Ke7 15.Ne4 Rhd8
16.Kf2 Kf8 17.c4 Be7 18.b4 a5 19.bxa5 Nd7 20.Kg3 Rxa5 21.Rb1 Rb8 22.Rhd1 Ke8
23.Rb2 Rxa3 24.Rbd2 Rd8 25.c5 Nf6 26.Rxd8+ Bxd8 27.Nd6+ Kf8 28.Rb1 Be7 29.Nxb7 Ne4+
30.Kh3 Bxc5 31.Nxc5 Nxc5 32.Rb8+ Ke7 33.Rc8 Kd6 34.Rg8 g6 35.Rg7 Ra7 36.g4 gxf5
37.gxf5 Nb3 38.Rxh7 Nd4 39.Bc4 Nxf3 40.Rh6+ Kc5 41.Bf1 Nd4 42.Kg4 Ra1 43.Bd3 Rg1+
44.Kh5 Rd1 45.Ba6 Ra1 46.Bd3 Ra3 47.Bb1 Rh3+ 48.Kg5 Nf3+  0-1

[Event "4NCL 2011-12"]
[Site "Hinkley ENG"]
[Date "2012.05.07"]
[Round "11.165"]
[White "Gray,M"]
[Black "Garrido Dominguez,J"]
[Result "0-1"]
[WhiteElo "2090"]
[BlackElo "2389"]

1.e4 d6 2.d4 Nf6 3.Nc3 e5 4.dxe5 dxe5 5.Qxd8+ Kxd8 6.Bc4 Bb4 7.Bg5 Ke7 8.Ne2 c6
9.f4 h6 10.fxe5 hxg5 11.exf6+ gxf6 12.Nd4 Be6 13.Nf5+ Bxf5 14.exf5 Nd7 15.O-O-O Ne5
16.Bb3 Bxc3 17.bxc3 g4 18.Rd4 Rh5 19.Bc4 Rxf5 20.Be2 Rg8 21.Re1 Kf8 22.Rf1 Rxf1+
23.Bxf1 Ke7 24.Kd2 Rh8 25.Rb4 b6 26.h3 f5 27.Ke3 Ke6 28.Rd4 c5 29.Rd2 gxh3
30.gxh3 Rh4 31.c4 Rxc4 32.Bxc4+ Nxc4+ 33.Kd3 Nxd2 34.Kxd2 b5 35.Ke3 a5 36.Kf4 Kf6
37.h4 Kg6 38.Ke5 c4 39.a3 Kh5 40.Kxf5 Kxh4 41.c3 b4 42.axb4 axb4  0-1

[Event "4NCL 2011-12"]
[Site "Hinkley ENG"]
[Date "2012.05.07"]
[Round "11.181"]
[White "Hunt,H"]
[Black "Mah,K"]
[Result "1/2-1/2"]
[WhiteElo "2454"]
[BlackElo "2419"]

1.e4 d6 2.d4 Nf6 3.Nc3 e5 4.Nf3 Nbd7 5.Bc4 Be7 6.O-O O-O 7.Re1 c6 8.a4 b6
9.Ba2 a6 10.h3 Rb8 11.Be3 b5 12.axb5 axb5 13.b4 Qc7 14.Bb3 Nb6 15.Qd3 h6
16.Nd2 Be6 17.d5 cxd5 18.exd5 Bd7 19.Ra5 Nc4 20.Ra7 Rb7 21.Rxb7 Qxb7 22.Bxc4 bxc4
23.Nxc4 Bf5 24.Qxf5 Qxb4 25.Nxe5 dxe5 26.Bd2 Qd4 27.Rd1 Bb4 28.Qf3 e4 29.Qg3 Bxc3
30.Qxc3 Qxd5 31.Rb1 Qe6 32.Rb5 Rc8 33.Rc5 Rxc5 34.Qxc5 Nd7 35.Qd4 Nb6 36.Bc3 f6
37.h4 Nc4 38.h5 Kh7 39.Bb4 Qc6 40.Bc5 Qe6 41.c3 Nb2 42.Bf8 Kg8 43.Qd8 Nd3
44.Bc5+ Kh7 45.Be3 Qg4 46.Qe8 Ne5 47.Kh2 Qh4+ 48.Kg1 Qg4 49.Kh2 Nc4 50.Bc5 Qf5
51.Bd4 Nd6 52.Qc6 Qxh5+ 53.Kg1 Qd1+ 54.Kh2 Qh5+  1/2-1/2

[Event "42nd Bosna Open A"]
[Site "Sarajevo BIH"]
[Date "2012.05.07"]
[Round "4.11"]
[White "Djukic,Ni"]
[Black "Kadric,D"]
[Result "1-0"]
[WhiteElo "2515"]
[BlackElo "2407"]

1.e4 d6 2.d4 Nf6 3.Nc3 e5 4.Nf3 Nbd7 5.Bc4 Be7 6.O-O O-O 7.Re1 a6 8.a4 b6
9.Qe2 Bb7 10.Rd1 Qb8 11.Ba2 c6 12.dxe5 dxe5 13.Nh4 Nc5 14.Nf5 Qc7 15.Qf3 Bc8
16.Be3 Kh8 17.b4 Ne6 18.Rab1 Re8 19.Nxe7 Rxe7 20.h3 Rd7 21.Rxd7 Bxd7 22.Rd1 a5
23.b5 Rd8 24.Bxe6 fxe6 25.Bg5 Rf8 26.Qd3 cxb5 27.axb5 Rc8 28.Na4 Be8 29.c3 Qd7
30.Qxd7 Nxd7 31.Rd6 h6 32.Be3 Nf6 33.Rxb6 Nxe4 34.c4 Rxc4 35.Rb8 Rxa4 36.Rxe8+ Kh7
37.Rxe6 Rb4 38.b6 Rb5 39.b7 Rxb7 40.Rxe5 Nd6 41.Rxa5 Nc4 42.Ra1 Nxe3 43.fxe3 Kg6
44.Rf1 Rb2 45.Rf8 Re2 46.Re8 Kf7 47.Re4 Kf6 48.Kh2 g5 49.Kg3 Ra2 50.Rb4 Ra6
51.Kf3 Re6 52.Rb5 Kg6 53.Rd5 Kf6 54.e4 Ra6 55.e5+ Ke7 56.Rd6 Ra5 57.Ke4 Ra4+
58.Kf5 Rf4+ 59.Kg6 g4 60.h4 g3 61.h5 Rf2 62.Kxh6 Rxg2 63.Rg6 Kf8 64.Rf6+ Kg8
65.Ra6 Kf7 66.Ra3 Re2 67.Rf3+ Ke7 68.Kg6 Rxe5 69.h6 g2 70.Rg3 Kf8 71.h7 Re6+
72.Kh5 Re5+ 73.Kh4 Re4+ 74.Kh3 g1=N+ 75.Rxg1 Re3+ 76.Kh2  1-0

[Event "FSFMB May 2012"]
[Site "Budapest HUN"]
[Date "2012.05.08"]
[Round "4"]
[White "Mayer,I"]
[Black "Gruz,J"]
[Result "1/2-1/2"]
[WhiteElo "2038"]
[BlackElo "1858"]

1.e4 d6 2.d4 Nf6 3.Nc3 c6 4.f4 g6 5.e5 dxe5 6.dxe5 Qxd1+ 7.Nxd1 Nd5 8.a3 Bg7
9.c4 Nc7 10.Nc3 O-O 11.Bd2 Nd7 12.O-O-O f6 13.exf6 Nxf6 14.h3 Be6 15.g4 Rfd8
16.Nf3 h6 17.Be2 Bf7 18.Rhe1 Rab8 19.Be3  1/2-1/2

[Event "42nd Bosna Open A"]
[Site "Sarajevo BIH"]
[Date "2012.05.08"]
[Round "6.8"]
[White "Predojevic,B"]
[Black "Bogut,Z"]
[Result "1/2-1/2"]
[WhiteElo "2637"]
[BlackElo "2426"]

1.e4 d6 2.d4 Nf6 3.Nc3 c6 4.f4 Qa5 5.Bd3 e5 6.Nf3 Nbd7 7.O-O Be7 8.Kh1 O-O
9.Qe1 Bd8 10.Bd2 Qc7 11.dxe5 dxe5 12.f5 b5 13.a4 b4 14.Nd1 c5 15.b3 a5 16.Nb2 Bb7
17.Nc4 Re8 18.Qe2 Nb6  1/2-1/2

[Event "FSIM May 2012"]
[Site "Budapest HUN"]
[Date "2012.05.10"]
[Round "6"]
[White "Korpa,B"]
[Black "Petran,Pa"]
[Result "1-0"]
[WhiteElo "2297"]
[BlackElo "2365"]

1.e4 d6 2.d4 Nf6 3.Nc3 c6 4.a4 g6 5.g3 Bg7 6.Bg2 O-O 7.Nge2 Nbd7 8.O-O e5
9.h3 b6 10.Be3 Bb7 11.Qd2 Re8 12.Rad1 a6 13.dxe5 dxe5 14.g4 Re7 15.g5 Ne8
16.a5 Qc7 17.axb6 Nxb6 18.Bc5 Re6 19.b3 Bf8 20.Qe3 Bxc5 21.Qxc5 Nd7 22.Qe3 Nf8
23.Na4 Rd6 24.Nc5 Rad8 25.Rxd6 Nxd6 26.Qg3 Qe7 27.Nd3 Ne6 28.Qxe5 Qxg5 29.Qxg5 Nxg5
30.Nc5 Bc8 31.f4 Ne6 32.Nxe6 Bxe6 33.Rd1 Nb7 34.Rxd8+ Nxd8 35.b4 Kf8 36.e5 Ke7
37.Kf2 Bd5 38.Bxd5 cxd5 39.Ke3 Ne6 40.c3 Kd7 41.Ng3 Ng7 42.Kd3 Kc6 43.Ne2 Ne6
44.Nd4+ Kd7 45.Ne2 Kc6 46.Nd4+ Kd7 47.Ke3 Ng7 48.Nf3 h6 49.Nd4 Ne6 50.f5 gxf5
51.Nxf5 h5 52.h4 Kc6 53.Nd4+ Kb6 54.Nf5 Kc6 55.Nh6 d4+ 56.cxd4 Kd5 57.Nxf7 Nxd4
58.Kf4 Kc4 59.Nd8 Kd5 60.Nb7 Nc6 61.Kf5 Nxe5 62.Nc5 a5 63.bxa5  1-0

[Event "Vienna Ladies 2012"]
[Site "Vienna AUT"]
[Date "2012.05.10"]
[Round "6.2"]
[White "Ionica,I"]
[Black "Moser,E"]
[Result "1/2-1/2"]
[WhiteElo "2210"]
[BlackElo "2469"]

1.e4 d6 2.d4 Nf6 3.Nc3 Nbd7 4.Nf3 e5 5.Bc4 Be7 6.O-O O-O 7.Re1 c6 8.a4 a5
9.b3 Nb6 10.Bf1 Qc7 11.Bb2 Bg4 12.Be2 Rad8 13.h3 Bc8 14.Bf1 h6 15.Qd3 Rfe8
16.Rad1 Nbd7 17.dxe5 dxe5 18.Nh4 Nf8 19.Qf3 g6 20.Rxd8 Rxd8 21.Qe3 N6h7 22.Nf3 Ng5
23.Rd1 Nxf3+ 24.Qxf3 Ne6 25.Rxd8+ Qxd8 26.Nd1 Nd4 27.Qd3 Bf6 28.Ne3 Qc7 29.Qd2 Bxh3
30.Bxd4 exd4 31.gxh3 dxe3 32.Qxe3 Bg5 33.Qf3 Qe5 34.Bc4 Bf4 35.Qd3 Qe7 36.Kg2 h5
37.Kf3 Be5 38.Kg2 Kg7 39.Qf3 Qg5+ 40.Kf1 Qe7 41.Kg2 Bf6 42.Qd3 Qc7 43.Kf3 Kf8
44.Kg2 Ke7 45.Qe3 Be5 46.Qf3 Ke8 47.Qe3 Kf8 48.Qh6+ Bg7 49.Qe3 Kg8 50.Qf3 Qe7
51.Kf1 Bd4 52.Kg2 Kg7 53.Kf1 Kf8 54.Kg2 Kg8 55.Kf1 Kg7 56.Kg2 b5 57.axb5 cxb5
58.Bd5 a4 59.bxa4 bxa4 60.Kf1 a3 61.Ba2 Bf6 62.Qd3 Qa7 63.Qb3 Bd4 64.Qf3 Bb2
65.Kg2 Qc7 66.Kf1 Bd4 67.Kg2 Qa7 68.Kf1 Qe7 69.Kg2 Bf6 70.Qd3 Be5 71.Qf3 Bd4
72.Kf1 Qa7 73.Kg2 Qb7 74.Qxa3 Qxe4+ 75.Qf3 Qe7 76.Bd5 f5 77.Bc4 Qe5 78.Qd5 Qf4
79.Qf3 Qd2 80.Bd3 Kh6 81.Qe2 Qg5+ 82.Kf1 Qf4 83.Kg2 h4 84.Qf3 Qg5+ 85.Kf1 Qd2
86.Kg2 Qg5+ 87.Kf1 Qc1+ 88.Kg2 Qg5+  1/2-1/2

[Event "FSFMB May 2012"]
[Site "Budapest HUN"]
[Date "2012.05.12"]
[Round "8"]
[White "Mihajlova,D"]
[Black "Gruz,J"]
[Result "1-0"]
[WhiteElo "1410"]
[BlackElo "1858"]

1.e4 d6 2.d4 Nf6 3.Nc3 c6 4.Be3 g6 5.Qd2 Bg7 6.Bh6 O-O 7.O-O-O Qc7 8.Bd3 b5
9.f3 d5 10.Bxg7 Kxg7 11.g4 e5 12.Nce2 Be6 13.h4 Nbd7 14.h5 Rh8 15.Nh3 h6
16.Ng3 a5 17.Qg2 g5 18.Nf5+ Bxf5 19.gxf5 Rhg8 20.f4 exf4 21.e5 Nh7 22.Nxf4 a4
23.f6+ Nhxf6 24.exf6+ Nxf6 25.Ne2 a3 26.b3 Rge8 27.Ng3 Qf4+ 28.Rd2 Kh8 29.c3 b4
30.Rf1 Qd6 31.Nf5 Qf8 32.c4 Ne4 33.Bxe4 Rxe4 34.c5 Rae8 35.Kc2  1-0

[Event "ch-Catalunya 2012"]
[Site "Barcelona ESP"]
[Date "2012.05.13"]
[Round "1.2"]
[White "Alsina Leal,D"]
[Black "Mundet Riera,Ja"]
[Result "1-0"]
[WhiteElo "2540"]
[BlackElo "2173"]

1.e4 d6 2.d4 Nf6 3.Nc3 e5 4.Nf3 Nbd7 5.Bc4 Be7 6.O-O O-O 7.a4 c6 8.a5 Qc7
9.Qe2 Rb8 10.d5 b5 11.axb6 Nxb6 12.dxc6 Qxc6 13.Bb3 a6 14.Bg5 Bb7 15.Bxf6 Bxf6
16.Nd2 Rbc8 17.Nd5 Nxd5 18.Bxd5 Qc7 19.Bxb7 Qxb7 20.Nc4 Rfd8 21.Rfd1 d5 22.Rxd5 Rxd5
23.exd5 Qb5 24.b3 Qxd5 25.Rxa6 Rd8 26.g3 e4 27.Ne3 Qb7 28.Nf5 Bc3 29.Nd6  1-0

[Event "71st ch-GEO 2012"]
[Site "Tbilisi GEO"]
[Date "2012.05.13"]
[Round "1"]
[White "Jobava,Ba"]
[Black "Shanava,K"]
[Result "1-0"]
[WhiteElo "2721"]
[BlackElo "2589"]

1.e4 d6 2.d4 Nf6 3.Nc3 e5 4.dxe5 dxe5 5.Qxd8+ Kxd8 6.Bg5 Bd6 7.O-O-O Nd7
8.Nf3 Ke8 9.Bb5 Kf8 10.Bxd7 Nxd7 11.Nb5 f6 12.Be3 Ke7 13.Rxd6 cxd6 14.Nc7 b6
15.Nxa8 Kd8 16.Nd2 Bb7 17.Nc4 Bxa8 18.Nxd6 Kc7 19.Nb5+ Kb8 20.Rd1 Bc6 21.c4 Bxb5
22.cxb5 Rd8 23.Kc2 Kc7 24.a4 Nf8 25.Rxd8 Kxd8 26.Kd3 Ke7 27.Kc4 Kd6 28.f4 Ng6
29.f5 Nh4 30.g4 Nf3 31.h3 g6 32.a5 bxa5 33.Bc5+ Kd7 34.Kd5 Ng5 35.Bxa7 Nxh3
36.b6 Nf4+ 37.Kc5 Nd3+ 38.Kc4 Nxb2+ 39.Kb5  1-0

[Event "30th Liechtenstein Open 2012"]
[Site "Triesen LIE"]
[Date "2012.05.13"]
[Round "3.9"]
[White "Paehtz,T sr"]
[Black "Poettinger,H"]
[Result "0-1"]
[WhiteElo "2438"]
[BlackElo "2227"]

1.e4 d6 2.d4 Nf6 3.Nc3 e5 4.Nf3 Nbd7 5.Bc4 Be7 6.a4 c6 7.O-O O-O 8.Re1 h6
9.h3 Re8 10.Ba2 Qc7 11.Be3 Nf8 12.Nh4 Be6 13.Bxe6 Nxe6 14.d5 Ng5 15.Nf5 Bf8
16.Ng3 cxd5 17.exd5 a6 18.a5 Rac8 19.Qd2 Ngh7 20.Ra4 h5 21.Bb6 Qd7 22.Rb4 Be7
23.Na4 h4 24.Nf1 Qf5 25.Ne3 Qg6 26.Kf1 Nd7 27.Rg4 Bg5 28.Qd3 e4 29.Qb3 f5
30.Rxg5 Qxg5 31.Bd4 f4 32.Ng4 Ndf6 33.Nxf6+ Nxf6 34.c4 Rc7 35.c5 Qxd5 36.Qxd5+ Nxd5
37.cxd6 Rc4 38.Bb6 Nxb6 39.Nxb6 Rd4 40.d7 Rd8 41.Rc1 R8xd7 42.Nxd7 Rxd7 43.Ke2 Kf7
44.Rc4 Re7 45.f3 exf3+ 46.Kxf3 g5 47.Kg4 Kf6 48.Rb4 Re3 49.Rxb7 Rg3+ 50.Kh5 Rxg2
51.b4 f3 52.Rb6+ Ke5 53.Rb8 Kf4 54.b5 axb5 55.Rxb5 Ra2 56.a6 Rxa6 57.Rxg5 f2
58.Rf5+ Kxf5  0-1

[Event "30th Liechtenstein Open 2012"]
[Site "Triesen LIE"]
[Date "2012.05.13"]
[Round "3.11"]
[White "Kuijf,R"]
[Black "Frick,R"]
[Result "0-1"]
[WhiteElo "2419"]
[BlackElo "2088"]

1.e4 d6 2.d4 Nf6 3.Nc3 e5 4.dxe5 dxe5 5.Qxd8+ Kxd8 6.Bc4 Bb4 7.f3 Ke7 8.a3 Bxc3+
9.bxc3 Be6 10.Bd3 Nbd7 11.Be3 Ne8 12.Ne2 Nd6 13.Ng3 g6 14.h4 f5 15.Bf2 f4
16.Nf1 h6 17.g3 g5 18.Nd2 c5 19.Be2 b6 20.O-O-O Rag8 21.g4 Rd8 22.Rdg1 Kf7
23.Rg2 Kg7 24.Rgh2 Bf7 25.Kb2 Nb8 26.hxg5 hxg5 27.Rxh8 Rxh8 28.Rxh8 Kxh8
29.Kc1 Nc6 30.Kb2 Na5 31.Nb1 Kg7 32.Bd3 Kf6 33.Be1 Ke7 34.Nd2 Nac4+ 35.Nxc4 Nxc4+
36.Kb3 Nd2+ 37.Ka4 Nxf3 38.Bf2 Be8+  0-1

[Event "TUR-ALG Friendship w 2012"]
[Site "Ankara TUR"]
[Date "2012.05.14"]
[Round "3"]
[White "Kaplan,E"]
[Black "Hamza,A"]
[Result "1/2-1/2"]
[WhiteElo "1857"]
[BlackElo "1859"]

1.e4 d6 2.d4 Nf6 3.Nc3 Nbd7 4.f4 e5 5.Nf3 exd4 6.Qxd4 Be7 7.Be3 O-O 8.O-O-O Re8
9.h3 Bf8 10.g4 c5 11.Qd3 b5 12.g5 b4 13.gxf6 bxc3 14.fxg7 cxb2+ 15.Kb1 Bxg7
16.Rg1 Qf6 17.e5 dxe5 18.fxe5 Nxe5 19.Nxe5 Bf5 20.Nd7 Bxd7 21.Bd2 Bf5 22.Bc3 Bxd3
23.Bxf6 Bg6 24.Bxg7 Kxg7 25.Bc4 Rad8 26.Rdf1 Re7 27.Kxb2 Rd4 28.Bd3 Re3 29.Rg5 c4
30.Bxg6 hxg6 31.Rc5 Rd7 32.h4 Rb7+ 33.Kc1 c3 34.h5 Rbe7 35.Kd1 Rh3 36.hxg6 fxg6
37.Rc6 Rd7+ 38.Kc1 Rg3 39.a4 g5 40.a5 g4 41.a6 Rf3 42.Rg1 g3 43.Rc4 Rdf7
44.Rg4+ Kf8 45.Kb1 Rg7 46.Rd4 g2 47.Rdd1 Rf2 48.Ka2 Rxc2+ 49.Kb3 Rd2 50.Rc1 c2
51.Rxc2 Rxc2 52.Kxc2 Ke7 53.Kd3 Kd6 54.Ke2 Kc6 55.Kf2 Kb6 56.Rxg2 Rxg2+ 57.Kxg2 Kxa6
58.Kf2 Kb5 59.Ke2 Kb4 60.Kd2 Kb3 61.Kc1 Ka2 62.Kc2 a5 63.Kc1 a4 64.Kc2 a3
65.Kc1 Kb3 66.Kb1 a2+ 67.Ka1  1/2-1/2

[Event "Serbia Cup Final 2012"]
[Site "Kragujevac SRB"]
[Date "2012.05.14"]
[Round "1"]
[White "Brajic,Milo"]
[Black "Kostic,VG"]
[Result "1/2-1/2"]
[WhiteElo "2235"]
[BlackElo "2425"]

1.e4 d6 2.d4 Nf6 3.Nc3 e5 4.dxe5 dxe5 5.Qxd8+ Kxd8 6.Bg5 Nd7 7.O-O-O Bd6
8.Bc4 Rf8 9.Nf3 a6 10.a4 Ke8 11.Nh4 h6 12.Be3 Nc5 13.f3 Be6 14.Bxc5 Bxc5
15.Bxe6 fxe6 16.Ng6 Bd6 17.Nxf8 Kxf8 18.g4 Ke7 19.h4 Nd7 20.Rd3 Nc5 21.Re3 b5
22.axb5 axb5 23.Kb1 Rb8 24.Ne2 g6 25.Rf1 Rf8 26.b4 Nd7 27.c3 Nb6 28.Nc1 Nc4
29.Re2 Kd7 30.Nd3 Be7 31.h5 gxh5 32.gxh5 Bg5 33.Nb2 Nd6 34.Kc2 Ke7 35.Kb3 Rg8  1/2-1/2

[Event "30th Liechtenstein Open 2012"]
[Site "Triesen LIE"]
[Date "2012.05.14"]
[Round "4.9"]
[White "Froewis,G"]
[Black "Borsos,B"]
[Result "1-0"]
[WhiteElo "2363"]
[BlackElo "2271"]

1.d4 d6 2.e4 Nf6 3.Nc3 Nbd7 4.g3 c5 5.Nge2 cxd4 6.Nxd4 g6 7.Bg2 Bg7 8.O-O O-O
9.a4 Nc5 10.h3 Bd7 11.Be3 a5 12.Re1 Qc8 13.Kh2 h6 14.Qe2 Re8 15.Ndb5 Bc6
16.Bxc5 dxc5 17.e5 Nh7 18.Nd5 Bxd5 19.Bxd5 Ng5 20.h4 Rd8 21.Rad1 Ne6 22.Bxe6 Qxe6
23.Nc7 Qf5 24.Nxa8 Rxa8 25.Kg2 Ra6 26.Qe4 Rb6 27.Qxf5 gxf5 28.b3 c4 29.Re3 cxb3
30.cxb3 f4 31.gxf4 Rb4 32.Kf3 h5 33.Rdd3 f5 34.Rc3 b5 35.axb5 Rxb5 36.Rc4 Rd5
37.Ke2 Kf7 38.Rd3 Rb5 39.Kd2 Bh6 40.Kc2 Rb8 41.Kb2 Rg8 42.Rg3 Rd8 43.Kc2 Rb8
44.Rf3 Rg8 45.Rc6 Rh8 46.Kc3 Bg7 47.Ra6 Rc8+ 48.Kd4 Rc1 49.Rxa5 Rh1 50.b4 Rxh4
51.Ra1 Ke6 52.Ke3 Kd5 53.Rc1 Bh6 54.Rc5+  1-0

[Event "Open Hradec Kralove 2012"]
[Site "Hradec Kralove CZE"]
[Date "2012.05.15"]
[Round "4"]
[White "Paldus,P"]
[Black "Martinovsky,M"]
[Result "1/2-1/2"]
[WhiteElo "2005"]
[BlackElo "1846"]

1.e4 d6 2.d4 Nf6 3.Nc3 e5 4.Nf3 Nbd7 5.Bc4 Be7 6.O-O O-O 7.Bg5 c6 8.Re1 b5
9.Bf1 Bb7 10.Bxf6 Bxf6 11.d5 cxd5 12.Nxd5 a6 13.a4 Bxd5 14.exd5 bxa4 15.Rxa4 Nc5
16.Rb4 a5 17.Rb5 Qc7 18.Nd2 Rfb8 19.Ne4 Nxe4 20.Rxe4 Rxb5 21.Bxb5 Rb8 22.c4 Qc5
23.Qd2 Bd8 24.g4 Qa7 25.b3 h6 26.Kg2 Bg5 27.Qd3 Rf8 28.Re2 Qc5 29.Qc3 Bd8
30.Qd3 Bg5 31.Ra2 Qb6 32.Qc3 Bd8 33.h3 Qc5 34.Qe3 Qc7 35.f4 exf4 36.Qxf4 Qc5
37.Qf2 Qb4 38.Qf3 Bb6 39.Re2 Qc5 40.Re1 Qd4 41.Rf1 Qb2+ 42.Kh1 Qe5 43.Qf5 Qc3
44.Qf3 Qe5 45.Kg2 Bc5 46.h4 Qb2+ 47.Kh3 Qe5 48.Qd3 Qb2 49.Qf3 Qe5 50.Qf5 Qe3+
51.Qf3 Qe5 52.Rd1 Qb2 53.Re1 Qd4 54.Re7 Qb2 55.Be8 Bg1 56.Bxf7+ Kh8 57.Re2 Rxf7
58.Rxb2 Rxf3+ 59.Kg2  1/2-1/2